00295nam a2200109Ia 4500008004100000041000800041100002000049245004700069260003100116300000800147700003000155250110s9999 xx 000 0 und d aeng aKolekar Madhura aLuxurious Residential Skyscraper In Mumbai bBNCA B-Arch ID, Punec2016 a85p aGuide Name:Sowani Avinash